On This Day: March 20th II Quiz Stats

 Plays Quiz Updated Mar 20, 2018

Challenge
Share
Tweet
Embed
Score 0/7 Timer 03:00
0 Plays Today
Question Answer Wrong Answers
The Arts Club of Chicago hosts the first United States showing of this man’s work, becoming an early proponent of modern art in the US.
1923
Pablo Picasso
83.4%
Vincent van Gogh
6.9%
Claude Monet
5.9%
Rembrandt
3.3%
Now on the World Health Organization's List of Essential Medicines, the Food and Drug Administration approves sale of AZT, which is used to prevent and treat ______.
1987
HIV/AIDS
82%
Alzheimer's
9.6%
Diabetes
3.5%
Bipolar Disorder
3.1%
King Ludwig I of Bavaria abdicates amidst the ______ revolutions of 1848–49.
1848
German
81.6%
French
12.6%
British
2.5%
Italian
3.1%
This American television personality, famous for his trademark sweaters and creating and hosting his educational preschool TV series, is born.
1928
Fred Rogers
81.3%
Bill Nye
7.7%
Bob Keeshan
2.8%
Jim Henson
7.3%
Tunisia gains independence from this country.
1956
France
68.2%
Algeria
14.3%
Libya
6.7%
Spain
9.5%
In the early hours of the morning, the United States, the United Kingdom, Australia, and this nation begin military operations in Iraq.
2003
Poland
29.8%
Norway
15.2%
Russia
34.4%
Denmark
18.5%
A Solar eclipse, ______, and a Supermoon all occur on the same day.
2015
Equinox
25.1%
Solstice
12.3%
Blue Moon
33.3%
Lunar Eclipse
27%

Today's Daily Dose

Missing Word
Entertainment 'M'

Word Ladder
North Carolina

On This Day
January 16th II

You're not logged in!

Compare scores with friends on all Sporcle quizzes.
OR
Log In

You Might Also Like...

Show Comments

Extras

Top Quizzes Today


Score Distribution

Your Account Isn't Verified!

In order to create a playlist on Sporcle, you need to verify the email address you used during registration. Go to your Sporcle Settings to finish the process.

Report this User

Report this user for behavior that violates our Community Guidelines.

Details: